Southville International School and Colleges
Your cart is empty.
  • Cart
  • Lists
    Public lists list_1 View all
    Your lists Log in to create your own lists
  • Log in to your account
  • Your cookies
  • Search history
Southville International School and Colleges
  • Advanced search
  • Recent comments
  • Most popular
  • Libraries

Log in to your account

Log in with GOOGLE


If you do not have an external account, but do have a local account, you can still log in:

  1. Home
  2. MARC view: The philosophical baby :
Normal view MARC view ISBD view

The philosophical baby : (Record no. 24276)

[ view plain ]
MARC details
000 -LEADER
fixed length control field 00714nam a2200217 a 4500
003 - CONTROL NUMBER IDENTIFIER
control field PILC
005 - DATE AND TIME OF LATEST TRANSACTION
control field 20160217092900.0
008 - FIXED-LENGTH DATA ELEMENTS--GENERAL INFORMATION
fixed length control field 110104s19uu xx 00 eng d
020 ## - INTERNATIONAL STANDARD BOOK NUMBER
International Standard Book Number 9780374231965
050 ## - LIBRARY OF CONGRESS CALL NUMBER
Classification number BF 723.C5
Item number .G675 2009
100 ## - MAIN ENTRY--PERSONAL NAME
Personal name Gopnik, Alison.
245 ## - TITLE STATEMENT
Title The philosophical baby :
Remainder of title what children's minds tell us about truth, love and the meaning of life /
Statement of responsibility, etc Alison Gopnik.
260 ## - PUBLICATION, DISTRIBUTION, ETC. (IMPRINT)
Place of publication, distribution, etc New York :
Name of publisher, distributor, etc Farrar, Straus and Giroux,
Date of publication, distribution, etc 2009.
300 ## - PHYSICAL DESCRIPTION
Extent 288 pages :
Other physical details 21 cm.
Dimensions 23 cm.
500 ## - GENERAL NOTE
General note Includes index.
650 ## - SUBJECT ADDED ENTRY--TOPICAL TERM
Topical term or geographic name as entry element Cognition in children.
650 ## - SUBJECT ADDED ENTRY--TOPICAL TERM
Topical term or geographic name as entry element Human information processing in children.
650 ## - SUBJECT ADDED ENTRY--TOPICAL TERM
Topical term or geographic name as entry element Perception in children.
942 ## - ADDED ENTRY ELEMENTS (KOHA)
Koha item type Books
Source of classification or shelving scheme Library of Congress Classification
Call number prefix Foreign
Holdings
Withdrawn status Lost status Source of classification or shelving scheme Damaged status Home library Current library Shelving location Date acquired Source of acquisition Cost, normal purchase price Total Checkouts Full call number Barcode Date last seen Copy number Price effective from Koha item type
    Library of Congress Classification   College Library College Library General Circulation Section 01/04/2011 Library Fund 1259.00   BF 723.C5 .G675 2009 C11854 05/15/2018 1 10/18/2013 Books

The philosophical baby :

APA

Gopnik A., . (2009). The philosophical baby. New York: Farrar, Straus and Giroux.

Chicago

Gopnik Alison, . 2009. The philosophical baby. New York: Farrar, Straus and Giroux.

Harvard

Gopnik A., . (2009). The philosophical baby. New York: Farrar, Straus and Giroux.

MLA

Gopnik Alison, . The philosophical baby. New York: Farrar, Straus and Giroux. 2009.

  • Place hold
  • Print
  • Cite
  • Add to your cart (remove)
  • Save record
    BIBTEX Dublin Core MARCXML MARC (non-Unicode/MARC-8) MARC (Unicode/UTF-8) MARC (Unicode/UTF-8, Standard) MODS (XML) RIS
  • More searches
    Search for this title in:
    Other Libraries (WorldCat) Other Databases (Google Scholar) Online Stores (Bookfinder.com) Open Library (openlibrary.org)

Exporting to Dublin Core...

SOUTHVILLE LIBRARY

Southville International School and Colleges Library

1281 Tropical Ave. Cor. Luxembourg St., BF Homes International, Las Pinas City

Tel. No. 8256374 / 252358 Loc. 117/146

Powered by Koha